Normal view
MARC view
- La Torre
Entry Personal Name
001 - CONTROL NUMBER
- control field: 125888
003 - CONTROL NUMBER IDENTIFIER
- control field: NUST
005 - DATE AND TIME OF LATEST TRANSACTION
- control field: 20240918120306.0
008 - FIXED-LENGTH DATA ELEMENTS
- fixed length control field: 240918|| aca||aabn | a|a d
040 ## - CATALOGING SOURCE
- Original cataloging agency: NUST
- Transcribing agency: NUST
100 ## - HEADING--PERSONAL NAME
- Personal name: La Torre
670 ## - SOURCE DATA FOUND
- Source citation: Work cat.: (NUST): La Torre, Calculus Concepts An Informal approach to the Mathematics of change , 1995.
